[Event "Cto Aragón Equipos 2016 D. Honor Gr I"]
[Site "Aragon"]
[Date "2016.02.06"]
[Round "2.6"]
[White "Laliena Solanes, Luis"]
[Black "Larrosa Poves, Jose Manuel"]
[Result "1-0"]
[WhiteElo "2219"]
[BlackElo "2002"]
[PlyCount "85"]
[EventDate "2016.??.??"]
[WhiteTeam "ONCE C.A. Aragon"]
[BlackTeam "Agrupacion B"]

1. e4 c5 2. Nc3 e6 3. b3 Nc6 4. Bb2 Nf6 5. Nf3 d6 6. Bb5 Bd7 7. O-O Be7 8. d4
cxd4 9. Nxd4 O-O 10. Bxc6 bxc6 11. e5 Nd5 12. exd6 Bxd6 13. Nf3 Qc7 14. Ne4 Be7
15. c4 Qf4 16. Qd3 Nb6 17. a4 Rad8 18. Be5 Qf5 19. Bc7 Rde8 20. Rad1 Bc8 21.
Nd6 Qxd3 22. Rxd3 Bxd6 23. Bxd6 Rd8 24. a5 Na8 25. Ne5 Rfe8 26. Nxc6 Rd7 27.
Ne5 Rb7 28. Rfd1 f6 29. Nc6 Bd7 30. Nb8 Bc8 31. c5 Nc7 32. c6 Rxb8 33. Bxc7 Rb5
34. Rd8 Kf8 35. Rxe8+ Kxe8 36. Rd8+ Ke7 37. Rxc8 Rxb3 38. g3 e5 39. Ra8 Rc3 40.
Bd8+ Ke6 41. c7 Kd7 42. Rxa7 Rc6 43. a6 1-0

[Event "Cto Aragón Equipos 2016 D. Honor Gr I"]
[Site "Aragon"]
[Date "2016.02.06"]
[Round "2.7"]
[White "Carruez Gracia, Eduardo"]
[Black "Latorre Abad, Fernando"]
[Result "0-1"]
[WhiteElo "1938"]
[BlackElo "2056"]
[PlyCount "66"]
[EventDate "2016.??.??"]
[WhiteTeam "Agrupacion B"]
[BlackTeam "ONCE C.A. Aragon"]

1. c4 Nf6 2. Nf3 g6 3. g3 Bg7 4. Bg2 O-O 5. O-O d6 6. Nc3 e5 7. d3 Nc6 8. Rb1
a5 9. a3 Bg4 10. h3 Be6 11. b4 axb4 12. axb4 h6 13. b5 Ne7 14. Na4 b6 15. Bb2
Rc8 16. Nc3 Nd7 17. Nd2 f5 18. f4 g5 19. Nd5 Bxd5 20. cxd5 gxf4 21. gxf4 Ng6
22. fxe5 dxe5 23. Nc4 Nf4 24. Rxf4 exf4 25. Qb3 Bxb2 26. d6 Bd4+ 27. e3 fxe3
28. Bb7 Rb8 29. Nxb6+ Kg7 30. Qd5 Nxb6 31. Qxd4+ Qf6 32. Qxe3 f4 33. Qf3 cxd6
0-1

[Event "Cto Aragón Equipos 2016 D. Honor Gr I"]
[Site "Aragon"]
[Date "2016.02.06"]
[Round "2.8"]
[White "Ferrer Echavarri, Fco Javier"]
[Black "Serrat Claver, David"]
[Result "1-0"]
[WhiteElo "1951"]
[BlackElo "1815"]
[PlyCount "97"]
[EventDate "2016.??.??"]
[WhiteTeam "ONCE C.A. Aragon"]
[BlackTeam "Agrupacion B"]

1. d4 d5 2. c4 e6 3. Nc3 Be7 4. cxd5 exd5 5. Bf4 c6 6. e3 Bf5 7. Bd3 Bxd3 8.
Qxd3 Nf6 9. Nf3 Nbd7 10. O-O O-O 11. Rab1 Nh5 12. Bg3 Nxg3 13. hxg3 f5 14. b4
Qe8 15. Ne2 g5 16. b5 Qh5 17. Rfc1 Rf6 18. bxc6 bxc6 19. Rb7 Rh6 20. Kf1 Qh1+
21. Neg1 g4 22. Ne1 Rd8 23. Qxf5 Rf8 24. Qxg4+ Rg6 25. Qh3 Qxh3 26. Nxh3 Ba3
27. Rc3 Nb6 28. Rxa3 Nc4 29. Rd3 a5 30. Nf4 Rgf6 31. Nf3 a4 32. Ng5 h6 33. Nge6
R8f7 34. Rb8+ Kh7 35. Nc5 Ra7 36. Ke2 Rff7 37. Rc3 Ra5 38. Nfd3 Nd6 39. Ne5 Rf6
40. Ncd7 Rxf2+ 41. Kxf2 Ne4+ 42. Kf3 Nxc3 43. Nxc6 Ra6 44. Nb4 Rd6 45. Rb7 Kg8
46. g4 Kf7 47. Nb6+ Ke8 48. N6xd5 Nd1 49. Rb6 1-0

[Event "Cto Aragón Equipos 2016 D. Honor Gr I"]
[Site "Aragon"]
[Date "2016.02.06"]
[Round "2.9"]
[White "Garcia Fernandez, Javier"]
[Black "Llanes Luno, Ricardo"]
[Result "1/2-1/2"]
[WhiteElo "2173"]
[BlackElo "2170"]
[PlyCount "74"]
[EventDate "2016.??.??"]
[WhiteTeam "Teruel"]
[BlackTeam "Delicias"]

1. e4 c5 2. Nf3 Nc6 3. Nc3 e6 4. d4 cxd4 5. Nxd4 Qb6 6. Nb3 Nf6 7. Be3 Qc7 8.
a3 a6 9. f4 d6 10. Be2 b5 11. O-O Bb7 12. Qe1 Be7 13. Qg3 b4 14. axb4 Nxb4 15.
Bd3 O-O 16. f5 Nxd3 17. cxd3 Ne8 18. Rfc1 Qd7 19. fxe6 fxe6 20. Qh3 Nf6 21. Na4
Bd8 22. e5 Nd5 23. Bd2 Rc8 24. Rxc8 Bxc8 25. exd6 Qxd6 26. g3 Bb7 27. Nbc5 Bb6
28. d4 Bxc5 29. Nxc5 Nf4 30. Bxf4 Qxd4+ 31. Kf1 Qxc5 32. Qxe6+ Kh8 33. h4 Bd5
34. Qe5 Qb5+ 35. Kg1 Re8 36. Ra5 Qb6+ 37. Be3 Qxe3+ 1/2-1/2

[Event "Cto Aragón Equipos 2016 D. Honor Gr I"]
[Site "Aragon"]
[Date "2016.02.06"]
[Round "2.10"]
[White "Roche Simon, Manuel Angel"]
[Black "Dominguez Bujeda, Jesus"]
[Result "1-0"]
[WhiteElo "2143"]
[BlackElo "2119"]
[PlyCount "93"]
[EventDate "2016.??.??"]
[WhiteTeam "Delicias"]
[BlackTeam "Teruel"]

1. e4 c5 2. Nf3 Nc6 3. d4 cxd4 4. Nxd4 g6 5. Nc3 Bg7 6. Be3 Nf6 7. Bc4 O-O 8.
Bb3 e6 9. O-O d5 10. exd5 exd5 11. h3 Na5 12. Qd3 Nxb3 13. axb3 Ne4 14. Ndb5
Nxc3 15. bxc3 Bf5 16. Qd2 a6 17. Nd4 Bd7 18. Ne2 Bb5 19. Rfe1 Rc8 20. Bd4 Bxe2
21. Rxe2 Bxd4 22. Qxd4 Re8 23. Rae1 Rxe2 24. Rxe2 Qg5 25. Re3 Qf5 26. Re2 Qg5
27. f4 Qh4 28. Kh2 Qd8 29. Re5 Qc7 30. Rxd5 b5 31. Rd7 Qc6 32. Rd6 Qc7 33. Qf6
a5 34. h4 a4 35. bxa4 bxa4 36. h5 Qc5 37. hxg6 hxg6 38. Rd3 Qf5 39. Qd4 Ra8 40.
Rh3 f6 41. Qc4+ Kg7 42. Qc7+ Kg8 43. Qh7+ Kf8 44. Qh8+ Ke7 45. Rh7+ Kd6 46.
Qxa8 Qxf4+ 47. g3 1-0

[Event "Cto Aragón Equipos 2016 D. Honor Gr I"]
[Site "Aragon"]
[Date "2016.02.06"]
[Round "2.11"]
[White "Martin Catalan, Juan Vicente"]
[Black "Naya Sancho, Jose Ignacio"]
[Result "1-0"]
[WhiteElo "2045"]
[BlackElo "2121"]
[PlyCount "101"]
[EventDate "2016.??.??"]
[WhiteTeam "Teruel"]
[BlackTeam "Delicias"]

1. d4 Nf6 2. c4 c5 3. d5 b5 4. cxb5 a6 5. Nc3 g6 6. e4 d6 7. Nf3 Bg7 8. Be2 O-O
9. O-O axb5 10. Bxb5 Ba6 11. Qe2 Bxb5 12. Nxb5 Nbd7 13. Nd2 Qa5 14. a4 Qb4 15.
b3 Nxe4 16. Nxe4 Bxa1 17. Bd2 Qxb3 18. Rxa1 Rxa4 19. Rxa4 Qxa4 20. g3 Qc2 21.
Na3 Qa2 22. Nc4 Ne5 23. Nxe5 Qa1+ 24. Kg2 Qxe5 25. Qf3 Qf5 26. Qd3 Ra8 27. Qc4
h5 28. h4 Qg4 29. Bc3 Qd1 30. Bb2 Qa4 31. Qd3 Rb8 32. Bc3 Rb3 33. Nd2 Ra3 34.
Qe3 Qc2 35. Ne4 Qb3 36. Qh6 Qxc3 37. Nxc3 Rxc3 38. Qg5 Kf8 39. Qh6+ Kg8 40. g4
hxg4 41. Qg5 Rd3 42. h5 Kg7 43. hxg6 fxg6 44. Qxe7+ Kh6 45. Qxd6 c4 46. Qc6 c3
47. Qc4 c2 48. Qxd3 c1=Q 49. Qe3+ Qxe3 50. fxe3 Kg5 51. e4 1-0

[Event "Cto Aragón Equipos 2016 D. Honor Gr I"]
[Site "Aragon"]
[Date "2016.02.06"]
[Round "2.12"]
[White "Lamas Mercadal, Manuel"]
[Black "Barcena Laguia, Francisco"]
[Result "1-0"]
[WhiteElo "2084"]
[BlackElo "1932"]
[PlyCount "41"]
[EventDate "2016.??.??"]
[WhiteTeam "Delicias"]
[BlackTeam "Teruel"]

1. e4 c5 2. Nc3 Nc6 3. Bb5 Nd4 4. Nf3 Nxb5 5. Nxb5 a6 6. Nc3 g6 7. d4 Bg7 8.
dxc5 Qa5 9. O-O Bxc3 10. bxc3 Qxc5 11. Be3 Qc7 12. Bd4 f6 13. e5 d6 14. exf6
Nxf6 15. Bxf6 exf6 16. Re1+ Kf7 17. Qd5+ Kg7 18. Re3 Rf8 19. Rae1 Rf7 20. Re8
Qc6 21. Qxf7+ 1-0

[Event "Cto Aragón Equipos 2016 D. Honor Gr I"]
[Site "Aragon"]
[Date "2016.02.06"]
[Round "2.13"]
[White "Adla, Diego"]
[Black "Garza Marco, Sergio"]
[Result "1-0"]
[WhiteElo "2410"]
[BlackElo "2398"]
[PlyCount "61"]
[EventDate "2016.??.??"]
[WhiteTeam "St. Casablanca A"]
[BlackTeam "Helios"]

1. c4 e5 2. Nc3 Bb4 3. e4 Bxc3 4. bxc3 Nf6 5. f3 O-O 6. d4 Nc6 7. Bg5 h6 8. Bh4
b6 9. Ne2 d6 10. Nc1 Re8 11. Be2 Ne7 12. Bxf6 gxf6 13. Qd2 Kg7 14. Bd3 f5 15.
Ne2 c5 16. O-O f4 17. g3 Bh3 18. Rf2 Ng6 19. Kh1 cxd4 20. cxd4 Kh8 21. gxf4 Qh4
22. f5 Ne7 23. Rg1 Rg8 24. Rg3 Rg5 25. f4 Rxg3 26. hxg3 Qh5 27. Qe3 Nc6 28.
fxe5 dxe5 29. d5 Nb4 30. Rh2 Kg7 31. g4 1-0

[Event "Cto Aragón Equipos 2016 D. Honor Gr I"]
[Site "Aragon"]
[Date "2016.02.06"]
[Round "2.14"]
[White "Guzman Moneo, Alberto"]
[Black "Glavina, Pablo"]
[Result "1/2-1/2"]
[WhiteElo "2211"]
[BlackElo "2382"]
[PlyCount "138"]
[EventDate "2016.??.??"]
[WhiteTeam "Helios"]
[BlackTeam "St. Casablanca A"]

1. e4 e5 2. Nf3 Nc6 3. d4 exd4 4. Nxd4 Nf6 5. Nxc6 bxc6 6. Qe2 a5 7. e5 Nd5 8.
c4 Ba6 9. Qe4 Bb4+ 10. Nd2 Nb6 11. Bd3 a4 12. a3 Be7 13. O-O Qb8 14. Re1 Qb7
15. Rb1 d5 16. exd6 cxd6 17. b4 d5 18. cxd5 cxd5 19. Bxa6 Rxa6 20. Qd3 Nc8 21.
Nf3 O-O 22. Bb2 Bf6 23. Bd4 Re6 24. Rbd1 Bxd4 25. Nxd4 Re4 26. Qb5 Qxb5 27.
Nxb5 Rxe1+ 28. Rxe1 Nb6 29. Rd1 Rc8 30. g3 Kf8 31. Kg2 Rc2 32. Kf3 Ke7 33. Rd3
Rb2 34. Ke3 Kd7 35. Rc3 Nc4+ 36. Kd4 Kc6 37. Na7+ Kb7 38. Nb5 Kc6 39. Na7+ Kb7
40. Nb5 Kb6 41. Kxd5 Kxb5 42. Rxc4 Rd2+ 43. Rd4 Rxf2 44. Rf4 Rd2+ 45. Ke5 Re2+
46. Kd6 f6 47. Rf5+ Kb6 48. Rc5 Rd2+ 49. Rd5 Rxh2 50. Ke6 Rh6 51. Rd6+ Kb5 52.
Rd5+ Kc4 53. Rc5+ Kb3 54. b5 f5+ 55. Kd7 Kxa3 56. Rc6 Rh2 57. Ra6 g5 58. b6 f4
59. gxf4 gxf4 60. b7 Rb2 61. Kc7 f3 62. Rf6 Rc2+ 63. Kd7 Rd2+ 64. Kc7 Rc2+ 65.
Kb6 Rb2+ 66. Ka7 Ka2 67. b8=Q Rxb8 68. Kxb8 a3 69. Rxf3 Kb2 1/2-1/2

[Event "Cto Aragón Equipos 2016 D. Honor Gr I"]
[Site "Aragon"]
[Date "2016.02.06"]
[Round "2.15"]
[White "Quintin Navarro, Alberto"]
[Black "Cerrajeria Ruiz, Jesus Maria"]
[Result "1-0"]
[WhiteElo "2355"]
[BlackElo "2210"]
[PlyCount "67"]
[EventDate "2016.??.??"]
[WhiteTeam "St. Casablanca A"]
[BlackTeam "Helios"]

1. Nf3 c5 2. e3 g6 3. d4 Bg7 4. Be2 Nf6 5. O-O O-O 6. b3 cxd4 7. exd4 Nc6 8.
Bb2 Ne4 9. Nbd2 d5 10. c4 Nxd2 11. Qxd2 dxc4 12. bxc4 Bg4 13. d5 Bxb2 14. Qxb2
Na5 15. Ne5 Bxe2 16. Qxe2 Rc8 17. Rac1 Qd6 18. Qe4 b6 19. h4 e6 20. f4 f6 21.
Nxg6 f5 22. Qe5 Qc5+ 23. Kh2 hxg6 24. Qxe6+ Kg7 25. h5 Rf6 26. h6+ Kxh6 27.
Qxf6 Rf8 28. Qc3 g5 29. Rce1 Kh7 30. Kg3 gxf4+ 31. Kf3 Rf7 32. Rh1+ Kg6 33.
Re6+ Kg5 34. Rh5+ 1-0

[Event "Cto Aragón Equipos 2016 D. Honor Gr I"]
[Site "Aragon"]
[Date "2016.02.06"]
[Round "2.16"]
[White "Navarro Alonso, Jorge"]
[Black "Lopez Gracia, Fernando"]
[Result "0-1"]
[WhiteElo "2182"]
[BlackElo "2346"]
[PlyCount "46"]
[EventDate "2016.??.??"]
[WhiteTeam "Helios"]
[BlackTeam "St. Casablanca A"]

1. e4 e5 2. Nf3 Nc6 3. Bc4 Nf6 4. d4 exd4 5. e5 Ng4 6. O-O Be7 7. Bf4 g5 8. Bg3
h5 9. Nxd4 Ncxe5 10. Bb3 d6 11. Nc3 c6 12. Nf3 Nxf3+ 13. Qxf3 d5 14. h3 h4 15.
Nxd5 cxd5 16. Bxd5 Nf6 17. Be5 Qxd5 18. Qxd5 Nxd5 19. Bxh8 f6 20. Rfe1 Kf7 21.
c4 Nf4 22. Re3 Bd7 23. Rd1 Bc6 0-1

[Event "Cto Aragon Equipos 2016 D Honor Gr II"]
[Site "Aragon"]
[Date "2016.02.06"]
[Round "2.17"]
[White "Palomar Ramon, Santiago"]
[Black "Forcen Esteban, Daniel"]
[Result "0-1"]
[WhiteElo "1980"]
[BlackElo "2555"]
[PlyCount "62"]
[EventDate "2016.??.??"]
[WhiteTeam "San Jose"]
[BlackTeam "Jaime Casas A"]

1. f4 d5 2. b3 Bg4 3. Nc3 e6 4. Nf3 Bxf3 5. exf3 Qf6 6. Bb2 Qxf4 7. Qe2 c6 8.
g3 Qc7 9. f4 Nd7 10. Bh3 O-O-O 11. O-O-O Ngf6 12. Kb1 Bd6 13. d4 Kb8 14. Rhf1
g6 15. Qf2 h5 16. Bg2 Qa5 17. Na4 Ne8 18. c4 b5 19. Nc3 Bb4 20. Qc2 bxc4 21.
bxc4 Nb6 22. a3 Bxa3 23. Qb3 Bxb2 24. Kxb2 dxc4 25. Qa3 Qxa3+ 26. Kxa3 Kc7 27.
Ne4 Nd6 28. Nc5 Nb5+ 29. Kb4 a5+ 30. Kxa5 Ra8+ 31. Kb4 Ra2 0-1

[Event "Cto Aragon Equipos 2016 D Honor Gr II"]
[Site "Aragon"]
[Date "2016.02.06"]
[Round "2.18"]
[White "Antoli Royo, Joaquin Miguel"]
[Black "Baldellou Vicente, Roberto"]
[Result "1-0"]
[WhiteElo "2449"]
[BlackElo "1965"]
[PlyCount "33"]
[EventDate "2016.??.??"]
[WhiteTeam "Jaime Casas A"]
[BlackTeam "San Jose"]

1. e4 e6 2. d4 d5 3. e5 c5 4. Nf3 Nc6 5. Bd3 a6 6. c3 b5 7. O-O Qb6 8. dxc5
Bxc5 9. b4 Bf8 10. a4 bxa4 11. Qxa4 Bd7 12. b5 Na7 13. Qxa6 Qxa6 14. Rxa6 Bc8
15. b6 Bxa6 16. Bxa6 Nc6 17. Bb7 1-0

[Event "Cto Aragon Equipos 2016 D Honor Gr II"]
[Site "Aragon"]
[Date "2016.02.06"]
[Round "2.19"]
[White "Urgel Varela, Fernando"]
[Black "Ramiro Ovejero, Juan Luis"]
[Result "0-1"]
[WhiteElo "1821"]
[BlackElo "2370"]
[PlyCount "42"]
[EventDate "2016.??.??"]
[WhiteTeam "San Jose"]
[BlackTeam "Jaime Casas A"]

1. f4 g6 2. Nf3 Bg7 3. g3 d5 4. Bg2 c5 5. O-O Nc6 6. d3 Nf6 7. c4 O-O 8. a3
dxc4 9. dxc4 Na5 10. Nbd2 Ng4 11. Ne4 Nxc4 12. Qb3 Na5 13. Qb5 Bd7 14. Qd3 c4
15. Qd5 Nb3 16. Rb1 Qb6+ 17. Kh1 Bc6 18. Qxc4 Nxc1 19. Rbxc1 Ne3 20. Qd3 Rfd8
21. Qb1 Nxf1 0-1

[Event "Cto Aragon Equipos 2016 D Honor Gr II"]
[Site "Aragon"]
[Date "2016.02.06"]
[Round "2.20"]
[White "Rudolf, Anna"]
[Black "Glaria Tevar, Salvador"]
[Result "1-0"]
[WhiteElo "2332"]
[BlackElo "1808"]
[PlyCount "23"]
[EventDate "2016.??.??"]
[WhiteTeam "Jaime Casas A"]
[BlackTeam "San Jose"]

1. e4 e6 2. d4 d5 3. Nd2 Nc6 4. Ngf3 Nf6 5. e5 Nd7 6. Be2 f6 7. exf6 Qxf6 8.
Nf1 Bd6 9. Ne3 O-O 10. O-O Qg6 11. h3 Nf6 12. c4 1-0

[Event "Cto Aragon Equipos 2016 D Honor Gr II"]
[Site "Aragon"]
[Date "2016.02.06"]
[Round "2.21"]
[White "Gines Esteo, Pedro Antonio"]
[Black "Moreno Gracia, Daniel"]
[Result "1/2-1/2"]
[WhiteElo "2192"]
[BlackElo "2337"]
[PlyCount "55"]
[EventDate "2016.??.??"]
[WhiteTeam "Ibercaja A"]
[BlackTeam "L'Aurora Estadilla A"]

1. d4 Nf6 2. Nf3 c5 3. d5 b5 4. Bg5 Ne4 5. Bh4 Qa5+ 6. Nbd2 Bb7 7. a4 Nxd2 8.
Nxd2 Bxd5 9. axb5 Qb6 10. e4 Bb7 11. Bd3 g5 12. Bg3 Bg7 13. Nc4 Qe6 14. O-O h5
15. h3 a6 16. Na5 Qb6 17. Nxb7 Qxb7 18. c3 axb5 19. Rxa8 Qxa8 20. Bxb5 Qb7 21.
c4 Na6 22. Qd5 Qxd5 23. exd5 Nb4 24. Re1 Nc2 25. Re2 Nd4 26. Re1 Nc2 27. Re2
Nd4 28. Re1 1/2-1/2

[Event "Cto Aragon Equipos 2016 D Honor Gr II"]
[Site "Aragon"]
[Date "2016.02.06"]
[Round "2.22"]
[White "Pellicer Cerezuela, Miguel"]
[Black "Aguirre Izaguirre, Pedro Jose"]
[Result "0-1"]
[WhiteElo "2048"]
[BlackElo "2190"]
[PlyCount "72"]
[EventDate "2016.??.??"]
[WhiteTeam "L'Aurora Estadilla A"]
[BlackTeam "Ibercaja A"]

1. Nf3 g6 2. d4 Bg7 3. g3 f5 4. Bg2 Nf6 5. O-O O-O 6. b3 d6 7. Bb2 c6 8. Nbd2
Qc7 9. Re1 d5 10. c4 e6 11. Ne5 Nbd7 12. Nd3 Ng4 13. Nf3 Ndf6 14. Bc1 Nh6 15.
Bf4 Qe7 16. Rc1 Nf7 17. c5 Nd7 18. Be5 Ndxe5 19. Nfxe5 Nxe5 20. Nxe5 Bxe5 21.
dxe5 Qg7 22. f4 g5 23. e3 Bd7 24. Qd4 Rfd8 25. Re2 Be8 26. Rb2 h5 27. Kf2 Kf8
28. Bf3 g4 29. Be2 h4 30. a4 Qh6 31. Bf1 Rd7 32. b4 Rh7 33. b5 hxg3+ 34. hxg3
Qh2+ 35. Bg2 Rh3 36. Kf1 Rxg3 0-1

[Event "Cto Aragon Equipos 2016 D Honor Gr II"]
[Site "Aragon"]
[Date "2016.02.06"]
[Round "2.23"]
[White "Eizaguerri Floris, Maria"]
[Black "Cid Royo, Oscar"]
[Result "1/2-1/2"]
[WhiteElo "1906"]
[BlackElo "2040"]
[PlyCount "54"]
[EventDate "2016.??.??"]
[WhiteTeam "Ibercaja A"]
[BlackTeam "L'Aurora Estadilla A"]

1. e4 c6 2. Nc3 d5 3. Qf3 dxe4 4. Nxe4 Nf6 5. Nxf6+ exf6 6. Bc4 Bd6 7. Ne2 O-O
8. O-O Nd7 9. d4 Nb6 10. Bb3 Be6 11. c3 Qd7 12. h3 Rfe8 13. Ng3 Nc4 14. Bc2 Bd5
15. Qd3 g6 16. b3 Nb6 17. c4 Be6 18. Ne4 Be7 19. Bb2 f5 20. Ng3 Bf6 21. Rad1
Bg7 22. Qf3 Qc7 23. Bc3 a5 24. a4 Nc8 25. Rfe1 Ne7 26. h4 f4 27. Ne2 Bf5
1/2-1/2

[Event "Cto Aragon Equipos 2016 D Honor Gr II"]
[Site "Aragon"]
[Date "2016.02.06"]
[Round "2.24"]
[White "Pellicer Cemeli, Jose Luis"]
[Black "Torcal Miguel, Oscar"]
[Result "1/2-1/2"]
[WhiteElo "1963"]
[BlackElo "1902"]
[PlyCount "120"]
[EventDate "2016.??.??"]
[WhiteTeam "L'Aurora Estadilla A"]
[BlackTeam "Ibercaja A"]

1. d4 Nf6 2. c4 c5 3. d5 b5 4. f3 bxc4 5. e4 d6 6. Bxc4 Qb6 7. Nc3 g6 8. Nge2
Bg7 9. O-O O-O 10. Qc2 Ba6 11. Na4 Qb7 12. Rb1 Nbd7 13. b3 Rab8 14. Nb2 Ne5 15.
Bxa6 Qxa6 16. f4 Ned7 17. Nc4 Nb6 18. Bd2 Rfc8 19. Ng3 Nfd7 20. Na5 Na8 21. Nc6
Rxc6 22. dxc6 Qxc6 23. Bc3 Bxc3 24. Qxc3 Nc7 25. f5 Ne5 26. Qe3 Kg7 27. fxg6
hxg6 28. Qg5 f6 29. Nh5+ Kh7 30. Nxf6+ exf6 31. Qh4+ Kg8 32. Rxf6 c4 33. Rbf1
Kg7 34. Rf7+ Nxf7 35. Qf6+ Kh6 36. Rf4 Rb5 37. Qxf7 Qb6+ 38. Kf1 Qd4 39. Rh4+
Rh5 40. Rxh5+ gxh5 41. Qxc7 Qa1+ 42. Kf2 Qxa2+ 43. Kg3 Qxb3+ 44. Kh4 Qd1 45.
Kg3 Qg4+ 46. Kf2 Qf4+ 47. Kg1 Qd2 48. h3 c3 49. Qf7 Qd4+ 50. Kh1 c2 51. Qf8+
Kg6 52. Qf5+ Kg7 53. Qg5+ Kf7 54. Qxh5+ Ke7 55. Qh7+ Kd8 56. Qg8+ Ke7 57. Qh7+
Ke6 58. Qf5+ Ke7 59. Qh7+ Ke8 60. Qg6+ Ke7 1/2-1/2

[Event "Cto Aragon Equipos 2016 D Honor Gr II"]
[Site "Aragon"]
[Date "2016.02.06"]
[Round "2.25"]
[White "Gracia Campo, Carlos Alberto"]
[Black "Lana Rodriguez, David"]
[Result "0-1"]
[WhiteElo "2084"]
[BlackElo "2260"]
[PlyCount "138"]
[EventDate "2016.??.??"]
[WhiteTeam "El Olivar B"]
[BlackTeam "Agrupacion A"]

1. g3 e5 2. Bg2 d5 3. d3 Nc6 4. Nf3 Nf6 5. O-O Be7 6. Nbd2 O-O 7. c4 e4 8. Ne1
exd3 9. Nxd3 dxc4 10. Nxc4 Be6 11. Nce5 Nxe5 12. Nxe5 c6 13. Qc2 Qa5 14. Nd3
Qf5 15. f3 a5 16. e4 Qb5 17. Be3 Bc4 18. Rfd1 Rfd8 19. Bf1 a4 20. Nf2 Bxf1 21.
Rxd8+ Rxd8 22. Rxf1 Nd7 23. Rd1 Ne5 24. Rxd8+ Bxd8 25. Qd1 Bf6 26. b3 axb3 27.
axb3 Ng6 28. f4 Nf8 29. Qd3 Qb4 30. Bd2 Qa3 31. Ng4 Be7 32. Kg2 Qa2 33. Kf3 Ne6
34. Be3 h5 35. Nf2 Bc5 36. f5 Bxe3 37. Qxe3 Nc7 38. Qb6 Nb5 39. Qd8+ Kh7 40.
Qd3 Qxb3 41. Kf4 Qb2 42. Nh3 f6 43. Qd1 Qe5+ 44. Ke3 Qc5+ 45. Kf4 Qd6+ 46. Qxd6
Nxd6 47. e5 fxe5+ 48. Kxe5 Nc4+ 49. Kd4 Nd2 50. Ng5+ Kg8 51. Kc5 Nf1 52. Nf3
Kf7 53. Kb6 Kf6 54. Kxb7 c5 55. Kc6 c4 56. Kd5 c3 57. Nd4 Ne3+ 58. Ke4 c2 59.
Nxc2 Nxc2 60. h4 Nb4 61. g4 hxg4 62. Kf4 Nd5+ 63. Kxg4 Ne3+ 64. Kh5 Nxf5 65.
Kg4 Nxh4 66. Kxh4 Kf5 67. Kh3 Kf4 68. Kg2 Kg4 69. Kf2 Kh3 0-1

[Event "Cto Aragon Equipos 2016 D Honor Gr II"]
[Site "Aragon"]
[Date "2016.02.06"]
[Round "2.26"]
[White "Mimbela Lopez, Miguel A"]
[Black "Veras Sanz, Marino"]
[Result "1/2-1/2"]
[WhiteElo "2149"]
[BlackElo "2057"]
[PlyCount "41"]
[EventDate "2016.??.??"]
[WhiteTeam "Agrupacion A"]
[BlackTeam "El Olivar B"]

1. e4 c5 2. Nc3 e6 3. f4 d5 4. Bb5+ Bd7 5. Bxd7+ Qxd7 6. Nf3 dxe4 7. Nxe4 Nc6
8. b3 Nf6 9. Nxf6+ gxf6 10. Bb2 Rg8 11. Qe2 Be7 12. O-O-O Nd4 13. Nxd4 cxd4 14.
Qe4 f5 15. Qxd4 Qxd4 16. Bxd4 Ba3+ 17. Kb1 Rxg2 18. Rhg1 Rg6 19. Rxg6 fxg6 20.
Be5 h6 21. Rg1 1/2-1/2

[Event "Cto Aragon Equipos 2016 D Honor Gr II"]
[Site "Aragon"]
[Date "2016.02.06"]
[Round "2.27"]
[White "Bailo Remacha, Santiago"]
[Black "Carruez Berges, Santiago"]
[Result "0-1"]
[WhiteElo "2036"]
[BlackElo "2046"]
[PlyCount "66"]
[EventDate "2016.??.??"]
[WhiteTeam "El Olivar B"]
[BlackTeam "Agrupacion A"]

1. Nf3 g6 2. g3 Bg7 3. c4 e5 4. Nc3 Nc6 5. Bg2 Nge7 6. O-O O-O 7. e3 Nf5 8. Ne2
d6 9. d4 a5 10. d5 Nb4 11. a3 Na6 12. b4 Bd7 13. e4 Ne7 14. Qb3 axb4 15. axb4
b5 16. Be3 f5 17. c5 f4 18. cxd6 fxe3 19. dxe7 Qxe7 20. Rfb1 exf2+ 21. Kxf2 Kh8
22. Ra2 c5 23. Rba1 Qd6 24. bxc5 Nxc5 25. Qe3 Ra4 26. Rxa4 bxa4 27. Nc3 Nb3 28.
Ra2 Qb4 29. Kg1 Rc8 30. Ne2 Bb5 31. Qb6 Nd4 32. Nfxd4 exd4 33. Bh3 Qe1+ 0-1

[Event "Cto Aragon Equipos 2016 D Honor Gr II"]
[Site "Aragon"]
[Date "2016.02.06"]
[Round "2.28"]
[White "Carruez Berges, Fernando"]
[Black "Bayod Rubia, Angel"]
[Result "1-0"]
[WhiteElo "2023"]
[BlackElo "2009"]
[PlyCount "71"]
[EventDate "2016.??.??"]
[WhiteTeam "Agrupacion A"]
[BlackTeam "El Olivar B"]

1. c4 Nf6 2. Nc3 e5 3. g3 c6 4. d4 exd4 5. Qxd4 Be7 6. Bg2 O-O 7. e4 Na6 8.
Nge2 Nc7 9. O-O Ne6 10. Qd2 d6 11. b3 Qc7 12. Bb2 Ne8 13. f4 Nf6 14. Kh1 b6 15.
f5 Nc5 16. h3 h6 17. Nf4 Bb7 18. g4 Ncd7 19. Nce2 Ne5 20. Ng3 Rad8 21. Qe2 Rfe8
22. Ngh5 Kh7 23. Nxf6+ Bxf6 24. Nh5 Qe7 25. Rad1 Nd7 26. Ba3 c5 27. Bb2 Bxb2
28. Qxb2 Ne5 29. f6 Qd7 30. fxg7 Re6 31. Rf6 Qe7 32. Rdf1 Rxf6 33. Rxf6 Ng6 34.
Qf2 Bxe4 35. Rxf7 Bxg2+ 36. Kg1 1-0

[Event "Cto Aragon Equipos 2016 D Honor Gr II"]
[Site "Aragon"]
[Date "2016.02.06"]
[Round "2.30"]
[White "Vera Aranjuelo, Jesus Maria"]
[Black "Gomez Anadon, Daniel"]
[Result "1/2-1/2"]
[WhiteElo "2008"]
[BlackElo "2212"]
[PlyCount "55"]
[EventDate "2016.??.??"]
[WhiteTeam "Caissa Hnos. Cortes"]
[BlackTeam "St. Casablanca B"]

1. d4 g6 2. Nf3 Bg7 3. Bf4 d6 4. e3 Nd7 5. Be2 e5 6. Bg5 f6 7. Bh4 Nh6 8. c4
Qe7 9. Nc3 c6 10. Rc1 O-O 11. O-O g5 12. Bg3 f5 13. dxe5 dxe5 14. h3 Nc5 15. b4
Na6 16. c5 Nc7 17. Qd6 Re8 18. Bc4+ Kh8 19. Bxe5 Bxe5 20. Qxh6 Bf6 21. Ne2 a5
22. a3 axb4 23. axb4 Ra4 24. Rb1 Be6 25. Bxe6 Nxe6 26. Rfd1 Rd8 27. Rxd8+ Qxd8
28. Ne5 1/2-1/2

[Event "Cto Aragon Equipos 2016 D Honor Gr II"]
[Site "Aragon"]
[Date "2016.02.06"]
[Round "2.31"]
[White "Gimenez Martinez, Alberto"]
[Black "Alonso Fdez-Revuelta, Rodrigo"]
[Result "1/2-1/2"]
[WhiteElo "2184"]
[BlackElo "1985"]
[PlyCount "53"]
[EventDate "2016.??.??"]
[WhiteTeam "St. Casablanca B"]
[BlackTeam "Caissa Hnos. Cortes"]

1. e4 e6 2. d4 d5 3. e5 c5 4. c3 Qb6 5. Nf3 Bd7 6. Bd3 Bb5 7. Bc2 Nc6 8. Be3
cxd4 9. Nxd4 Nxd4 10. Bxd4 Qc7 11. a4 Bd7 12. Nd2 Ne7 13. f4 g6 14. O-O h5 15.
Nf3 Nf5 16. g3 Bc5 17. Bxf5 gxf5 18. Bxc5 Qxc5+ 19. Nd4 h4 20. Qb3 O-O-O 21.
Kg2 hxg3 22. hxg3 Rh7 23. Rh1 Rdh8 24. Rxh7 Rxh7 25. Qb4 Qc4 26. Qf8+ Kc7 27.
Qd6+ 1/2-1/2

[Event "Cto Aragon Equipos 2016 D Honor Gr II"]
[Site "Aragon"]
[Date "2016.02.06"]
[Round "2.32"]
[White "Carraminana Lopez, Luis Antoni"]
[Black "Bellosta Lopez, Pablo"]
[Result "1-0"]
[WhiteElo "1928"]
[BlackElo "2071"]
[PlyCount "46"]
[EventDate "2016.??.??"]
[WhiteTeam "Caissa Hnos. Cortes"]
[BlackTeam "St. Casablanca B"]

1. e4 c5 2. Nf3 g6 3. d4 cxd4 4. Qxd4 Nf6 5. e5 Nc6 6. Qa4 Nd5 7. Qe4 Nc7 8.
Nc3 Bg7 9. Bf4 O-O 10. O-O-O a6 11. h4 b5 12. h5 b4 13. hxg6 fxg6 14. Bc4+ e6
15. Rxh7 Kxh7 16. Rh1+ Kg8 17. Qxg6 Rxf4 18. Ng5 Qxg5 19. Qxg5 Rf5 20. Qxf5
bxc3 21. Rh7 cxb2+ 22. Kb1 Ne8 23. Qh5 Bxe5 1-0